00310nam a2200109Ia 4500008004100000020001800041100002500059245004700084250001100131260004100142300001700183180205s9999 xx 000 0 und d a9781442277748 aGendrich, Cynthia M. cArher, StephenaTheatre its arts & craft / a7th ed aLondon :bRowman & Littlefieldc2017 av, 298 pages